Logo BPK

Biblioteka

Politechniki Koszalińskiej

Practical problems in soil mechanics and foundation engineering, 1 : (Rekord nr 28469)

Szczegóły MARC
000 -ETYKIETA REKORDU
podpole kontrolne o stałej długości 00720nam a2200193 i 4500
001 - NUMER KONTROLNY REKORDU
pole kontrolne bg
040 ## - ŹRÓDŁO KATALOGOWANIA
Instytucja, która utworzyła rekord BPK
041 ## - KOD JĘZYKA
Kod języka tekstu pol
080 ## - UNIWERSALNA KLASYFIKACJA DZIESIĘTNA - UKD
UKD 624.1
008 - POLE O STAŁEJ DŁUGOŚCI - DANE KONTROLNE
podpole kontrolne o stałej długości s pl f |000 0 pol
100 1# - NAZWA OSOBOWA
Nazwa osobowa SANGLERAT, Guy
Daty związane z nazwą (1924- )
245 #0 - TYTUŁ/ODPOWIEDZIALNOŚĆ
Tytuł Practical problems in soil mechanics and foundation engineering, 1 :
Ciąg dalszy tytułu physical characteristics of soils, plasticity, settlement calculations, interpretation of in-situ tests /
Pozostałe elementy strefy tytułu i oznaczenia odpowiedzialności Guy Sanglerat, Gilbert Olivari, Bernard Cambou.
260 ## - STREFA ADRESU WYDAWNICZEGO
Miejsce wydania Amsterdam :
Nazwa wydawcy/dystrybutora Elsevier,
Data publikacji, dystrybucji/powstania dokumentu 1984.
490 1# - STREFA SERII I DOKUMENTU WIELOCZĘŚCIOWEGO - FORMA NIE DO WYSZUKIWANIA
Tytuł i oznaczenie odpowiedzialności serii Developments in Geotechnical Engineering ;
Numeracja w obrębie serii 34A
700 1# - HASŁO DODATKOWE - NAZWA OSOBOWA
Nazwa osobowa OLIVARI, Gilbert
700 1# - HASŁO DODATKOWE - NAZWA OSOBOWA
Nazwa osobowa CAMBOU, Bernard
830 ## - HASŁO DODATKOWE SERII LUB DOKUMENTU WIELOCZĘŚCIOWEGO - TYTUŁ UJEDNOLICONY
Tytuł ujednolicony Developments in Geotechnical Engineering ;
856 ## - LOKALIZACJA I DOSTĘP DO ELEKTRONICZNYCH DOKUMENTÓW ZDALNYCH
Link (URL) http://koha.tu.koszalin.pl/cgi-bin/koha/opac-detail.pl?biblionumber=28469
Tekst linku Katalog online BPK
942 ## - DODATKOWE ELEMENTY (KOHA)
Typ dokumentu Książka
Egzemplarze
Wycofany Status egzemplarza Uszkodzony Dostępność Lokalizacja stała Lokalizacja bieżąca Miejsce przechowywania Sygnatura Kod kreskowy Typ dokumentu
      Dostępny Biblioteka Politechniki Koszalińskiej Biblioteka Politechniki Koszalińskiej Wypożyczalnia BG 34276 01161502 Książka
© 2023 Biblioteka Politechniki Koszalińskiej :: KOHA